Művelődés a XIX. század második felében 1850-1880 /

Elmentve itt :
Bibliográfiai részletek
Szerző: Waldmann György
Dokumentumtípus: Könyv
Megjelent: Endrényi Imre Könyvnyomda Szeged, Magyarország 1904
Kulcsszavak:Művelődéstörténet - 19. sz., Eszmetörténet - 19. sz.
Tárgyszavak:
Online Access:http://misc.bibl.u-szeged.hu/57728
LEADER 00754nam a2200193 i 4500
001 misc57728
005 20210516075556.0
008 210516s1904 hu o 0|| hun d
040 |a SZTE Miscellanea Repozitórium  |b hun 
041 |a hun 
100 1 |a Waldmann György 
245 1 0 |a Művelődés a XIX. század második felében   |h [elektronikus dokumentum] :  |b 1850-1880 /  |c  Waldmann György 
260 |a Endrényi Imre Könyvnyomda  |b Szeged, Magyarország  |c 1904 
300 |a 128 p.  |c 20 cm 
650 4 |a Bölcsészettudományok 
650 4 |a Történettudomány és régészet 
650 4 |a Történettudomány 
695 |a Művelődéstörténet - 19. sz., Eszmetörténet - 19. sz. 
856 4 0 |u http://misc.bibl.u-szeged.hu/57728/1/xa_148214.pdf  |z Dokumentum-elérés